| 000 | 00636nam a2200157 4500 | ||
|---|---|---|---|
| 999 |
_c16088 _d16088 |
||
| 008 | 210412b ||||| |||| 00| 0 eng d | ||
| 022 | _a0732-8435 | ||
| 082 | _aDPer 657.05 C33 Sept-Dec 2011 v. 81 n. 9-12 | ||
| 100 |
_aKatz, Robert. _943111 |
||
| 245 |
_aWhat planners need to know about portability: _bstrategies to minimize estate taxation in an uncertain landscape/ _cRobert Katz and Neil D. Katz. |
||
| 260 |
_aNew York: _bThe New York State Society of CPA, _c©2011. |
||
| 300 |
_av81 n12, pages 50-53: _bcolor illustrations; _c28 cm. |
||
| 650 |
_aTaxation. _943112 |
||
| 700 |
_aKatz, N. D. _eAuthor. _943113 |
||
| 942 |
_2ddc _cPER |
||